| 000 | 00908nam a2200289Ia 4500 | ||
|---|---|---|---|
| 003 | OSt | ||
| 005 | 20221007123056.0 | ||
| 006 | a|||||r|||| 00| 0 | ||
| 007 | ta | ||
| 008 | 221006b |||||||| |||| 00| 0 eng d | ||
| 020 | _a9781632385468 (hbk) | ||
| 024 | _a199051 | ||
| 037 |
_b1519, 01/03/2018, Indica Publishers & Distributors Pvt. Ltd. _cTextual |
||
| 040 |
_aPAPL _cPAPL _beng |
||
| 041 |
_2eng _aeng |
||
| 082 | _aC, Q7 Carpa | ||
| 100 |
_aFranks Elisha _9716339 |
||
| 245 | 0 | _aTheoretical physics | |
| 260 |
_aNew _bYork NY Research Press _c2017 |
||
| 300 |
_avii, 236p. ill. _ccm. |
||
| 500 | _aIndex 235-236p. | ||
| 650 |
_a Mechanical instability _9716340 |
||
| 650 |
_a Voltage collaps _9716341 |
||
| 650 | _aPhysics | ||
| 942 |
_hC, Q7 Carpa _cTEXL _2CC |
||
| 999 |
_c1211343 _d1211343 |
||